000 00917nam a2200241 a 4500
001 63723
003 BD-RjUL
005 20211209081227.0
008 170202s1961 bg ||||| |||| 00| 0 ben d
020 _c: TK 2.75
035 _a(BD-RjUL)63852
040 _aBD-RjUL
_bben
_cBD-RjUL
041 _aben
082 _223
_a891.4408
_bAJA 1961
100 _aআজাদ, আবুল কালাম
_9170488
245 1 0 _aআজাদ রচনাবলী /
_cআবুল কালাম আজাদ
260 _aঢাকা :
_bআমীর পাবলিকেশন্স,
_c১৯৬১
300 _a১২৮ পৃ. ;
_c২১ সেমি.
650 _aবাংলা সাহিত্য
_xসংগ্রহ
_9189200
650 _aBengali Literature
_xCollections
_9189201
700 _aআহমদ, নুরুদ্দীন্, সম্পাদক
_9189202
942 _2ddc
_cBK
999 _c63723
_d63723